| 000 | 02113nam0a2200469 4500 | ||
|---|---|---|---|
| 001 | RU\NLR\bibl\1152011 | ||
| 005 | 20260408194657.0 | ||
| 010 | _a978-5-382-00312-2 | ||
| 021 |
_aRU _b2007-68316 _93672 |
||
| 035 | _a(NLR Aleph) 001138802 | ||
| 035 | _a(nilc)EL/0000148257 | ||
| 090 |
_a1404471 _c1404471 |
||
| 100 | _a20071016d2007 k y0rusy50 ca | ||
| 101 | 0 | _arus | |
| 102 | _aRU | ||
| 105 | _aa ||||||||| | ||
| 200 | 1 |
_aПространство циклов _eмир - Россия - регион _e[синергизм и инноватика _fВ. Бабурин, А. Белов, Д. Галкова и др.] _gпод ред. В.Л. Бабурина и П.А. Чистякова |
|
| 210 |
_aМосква _cURSS _cИзд-во ЛКИ _d2007 |
||
| 215 |
_a316 с. _cил., карты _d22 |
||
| 300 | _aАвт. указаны на обороте тит.л. | ||
| 300 | _aНа 4-й с. обл. авт.: В.Л. Бабурин - проф., д.чл. Рус. геогр. о-ва, П.А. Чистяков, асп. | ||
| 320 | _aБиблиогр. в конце кн. | ||
| 606 |
_aЦиклы (экон.) _yРоссийская Федерация _3RU\NLR\auth\661371332 _92289648 |
||
| 610 | 1 | _aЦикл экономический | |
| 610 | 1 | _aЦикл социальный | |
| 610 | 1 | _aСоциально-экономическая жизнь | |
| 686 |
_a60.508.0 _vLBC/RL _2rubbk |
||
| 686 |
_a60.550.75 _vLBC/RL _2rubbk |
||
| 686 |
_a65.011.528 _vLBC/RL _2rubbk |
||
| 686 | _aУ9(2)-97(2Р) | ||
| 686 | _aУ5-97 | ||
| 686 | _aС508.0 | ||
| 701 | 1 |
_4070 _7ca _8rus _aБабурин _bВ. Л. _cд-р геогр. наук _f1951- _gВячеслав Леонидович _942786 _3RU\NLR\AUTH\7759855 |
|
| 701 | 1 |
_4070 _8rus _7ca _aБелов _bА. В. _cспециалист в обл. полит. географии _3RU\NLR\AUTH\7759853 _942784 |
|
| 701 | 1 |
_aГалкова _bД. А. _4070 |
|
| 801 | 0 |
_aRU _bОмская ГОНБ _c20071016 _grcr |
|
| 801 | 1 |
_aRU _bОмская ГОНБ _c20071016 |
|
| 801 | 2 |
_aRU _bNLR _c20071108 _grcr |
|
| 942 | _cBOOK | ||
| 980 | _aNB | ||